000 01964nam a2200229Ia 4500
003 Ost
005 20260416102355.0
008 260416s9999||||xx |||||||||||||| ||und||
040 _cfsecg
041 _aara
082 _a336
100 _aعبيلة، محمد
_eمؤلف
245 0 _aالسياسات المالية في المؤسسة :
_bسياسة الرفع التشغيلي والرفع المالي، سياسة توزيع أرباح السهم /
_c محمد عبيلة
260 _aالجزائر
_bجامعة الجزائر3: كلية العلوم الإقتصادية، العلوم التجارية وعلوم التسيير
_c2020
300 _a81 ورقة
_bايضاحات
_c 30 سم
504 _aمراجع ص.80
520 _aنقطة التعادل التشغيلية أو المحاسبية و نقطة التعادل المالية و الرفع التشغيلي و الرفع الكلي و أثر الرفع التشغيلي و الرفع المالي على هيكلة رأس المال كما تم التطرق الى كيفية إجراء التوزيعات النقدية و كيفية إعادة شراء المؤسسة لأسهمها و التوزيعات في صورة أسهم و تجزئة الاسهم و التخصيص الأمثل للنقدية الفائضة حسب نظرية والتر و مبررات حياد سياسة توزيع الأرباح عند M et M ، نظريات عدم حياد سياسة توزيع الأرباح على القيمة السوقية للمؤسسة و نظريات أخرى لعدم حياد سياسة توزيع أرباح السهم ، نموذج لينتنر1956 و نظرية التمييز الضريبي
653 _aالسياسة المالية
653 _aالفوائد و الارباح
710 _aجامعة الجزائر3: كلية العلوم الإقتصادية، العلوم التجارية وعلوم التسيير
_eناشر علمي
942 _cHANDOUT
999 _c41179
_d41179